000 01300nam a2200289 i 4500
001 197068
003 ES-MaACL
005 20250331181152.0
007 t
008 250328s1949 fr 000 0 fre d
035 _aRebiun35858610
040 _aBUSC
_bglg
_dARCHIDOC
_cES-MaACL
245 0 0 _aNouveau précis de pathologie chirurgicale.
_nTome I,
_bPathologie générale, pathologie tissulaire générale, affections des membres et des ceintures /
_cJ. Patel, secrétaire de rédaction
246 _aPathologie générale, pathologie tissulaire générale, affections des membres et des ceintures
260 _aParis :
_bMasson,
_c1949.
300 _a687 p. ;
_c22 cm
336 _aTexto
_btxt
_2rdacontent
337 _asen mediación
_bn
_2rdamedia
338 _avolume
_bnc
_2rdacarrier
650 1 7 _aPatología quirúrgica
_9136666
700 _aPatel, Jean-Claude
_9239916
852 _aES-MaACL
_bR.30159
_bR.M.5895
_cSVI
_jD-6300
_fSello en tinta azul de la Biblioteca del Ateneo de Madrid.
_9204911
_xEncuadernación en tela verde.
942 _n0
_cMONOGRAFIA
999 _c197068
_d197068